zpět

Detail výsledku týmu

Terasa Smíchov OPEN AIR, Praha

Datum a čas kvízu

24.5 Celkem bodů Celkový počet nahraných bodů na tomto kvízu bez doplňovacích otázek.
8. Pořadí na kvízu Konečné umístění týmu na tomto kvízu.

Zaznamenané odpovědi

# Otázka Odpověď Body Výsledky
1. Ve kterém městě sídlí hvězdárn... v Brně 1
2. Ambiciózní projekt v podobě bu... Indonésie 0
3. 42letá americká zpěvačka vydal... Britney Spears 0
4. Ve středu byl otevřen poslední... A) Škoda 100 0
5. Nejnovějšímu žebříčku magazínu... Markéta Vondroušová 0
6. Tato plodina je známá též jako... maniok 0
7. Mezi jihoamerické speciality,... kapybara 1
8. Payara, Tucunare nebo Arapaima... C 0
9. Chicha je (obvykle) alkoholick... kukuřice 0
10. Ač si většina z nás patrně spo... Bolívie 0